000 00468nam a2200181 a 4500
001 1766310660156
003 YourLibrary
005 20251222104446.0
008 251221s2009##################000#0#eng##
020 _a9781870252485
082 0 4 _a264.02
_bCOL
100 1 _aCollins, A. Jefferies,
_eauthor.
245 1 0 _aThe Brigittine Breviary of Syon Abbey :
260 _c2009.
650 0 _aHistory.
942 _cENGLISH
040 _aYourLibrary
_beng
_cYourLibrary
999 _c603518
_d603518